Modern concepts on water resources (Record no. 1335)

000 -LEADER
fixed length control field 00600nam a22002177a 4500
001 - CONTROL NUMBER
control field 1335
003 - CONTROL NUMBER IDENTIFIER
control field BD-DhUET
008 - FIXED-LENGTH DATA ELEMENTS--GENERAL INFORMATION
fixed length control field 140903b xxu||||| |||| 00| 0 eng d
020 ## - INTERNATIONAL STANDARD BOOK NUMBER
International Standard Book Number 9848090309
040 ## - CATALOGING SOURCE
Original cataloging agency 0
Transcribing agency 0
Modifying agency BD-DhUET
082 ## - DEWEY DECIMAL CLASSIFICATION NUMBER
Classification number 628.16068095492
Item number FAI/2007
100 ## - MAIN ENTRY--PERSONAL NAME
Personal name Faisal Hossain
245 ## - TITLE STATEMENT
Title Modern concepts on water resources
Statement of responsibility, etc. by Faisal Hossain,Md. Delawer Hossain
250 ## - EDITION STATEMENT
Edition statement Ist ed.
260 ## - PUBLICATION, DISTRIBUTION, ETC. (IMPRINT)
Place of publication, distribution, etc. Dhaka
Name of publisher, distributor, etc. UGC,
Date of publication, distribution, etc. 2007
300 ## - PHYSICAL DESCRIPTION
Extent xv,222p.
504 ## - BIBLIOGRAPHY, ETC. NOTE
Bibliography, etc Includes bibliographies
650 #0 - SUBJECT ADDED ENTRY--TOPICAL TERM
Topical term or geographic name as entry element Water resources management
Geographic subdivision Bangladesh
700 ## - ADDED ENTRY--PERSONAL NAME
Personal name Delawer Hossain, Md.
942 ## - ADDED ENTRY ELEMENTS (KOHA)
Koha item type General Book
Holdings
Price effective from Not for loan Piece designation (barcode) Koha full call number Source of classification or shelving scheme Damaged status Shelving location Withdrawn status Date acquired Koha date last seen Sublocation or collection (holding branch) Koha normalized classification for sorting Copy number Lost status Location (home branch) Koha item type
2014-09-03 103500628.16068095492/FAI/2007  Circulation section 2014-09-032014-09-03Central Library, BUET628_160680954920000_FAI_20071 Central Library, BUETGeneral Book
2014-09-03 103501628.16068095492/FAI/2007  Circulation section 2014-09-032014-09-03Central Library, BUET628_160680954920000_FAI_20072 Central Library, BUETGeneral Book
2014-09-03 103502628.16068095492/FAI/2007  Circulation section 2014-09-032014-09-03Central Library, BUET628_160680954920000_FAI_20073 Central Library, BUETGeneral Book
2014-09-03 103503628.16068095492/FAI/2007  Circulation section 2014-09-032014-09-03Central Library, BUET628_160680954920000_FAI_20074 Central Library, BUETGeneral Book
2014-09-03 103504628.16068095492/FAI/2007  Circulation section 2014-09-032014-09-03Central Library, BUET628_160680954920000_FAI_20075 Central Library, BUETGeneral Book
2014-09-03 103505628.16068095492/FAI/2007  Circulation section 2014-09-032014-09-03Central Library, BUET628_160680954920000_FAI_20076 Central Library, BUETGeneral Book
2014-09-03 103506628.16068095492/FAI/2007  Circulation section 2014-09-032014-09-03Central Library, BUET628_000000000000000_16068095497 Central Library, BUETGeneral Book
2014-09-03 103507628.16068095492/FAI/2007  Circulation section 2014-09-032014-09-03Central Library, BUET628_000000000000000_16068095498 Central Library, BUETGeneral Book
2014-09-03 103508628.16068095492/FAI/2007  Circulation section 2014-09-032014-09-03Central Library, BUET628_160680954920000_FAI_20079 Central Library, BUETGeneral Book
2014-09-03 103509628.16068095492/FAI/2007  Circulation section 2014-09-032014-09-03Central Library, BUET628_000000000000000_160680954910 Central Library, BUETGeneral Book
2016-07-26 114242628.16068095492/FAI/2007  Circulation section 2016-07-262016-07-26Central Library, BUET628_160680954920000_FAI_200711 Central Library, BUETGeneral Book
2016-07-26 114243628.16068095492/FAI/2007  Circulation section 2016-07-262016-07-26Central Library, BUET628_160680954920000_FAI_200712 Central Library, BUETGeneral Book